000 00730nab a2200229 u 4500
001 08501
003 HDC
007 cr bn ---aaaaa
008 210130c mydr|nes 0 a may d
040 _aHDC
245 0 _aRahsia kuat ingatan, hafalan
260 _aKuala Lumpur :
_b[publisher not identified],
_c2013
336 _atext
_2rdacontent
337 _acomputer
_2rdamedia
338 _aonline resource
_2rdacarrier
650 _aBusiness products
_98956
650 _aEducation
_9844
856 _zRequest full-text at [email protected]
942 _2lcc
942 _cNEWS
942 _kNWSC 001345
999 _c5824
_d5824